Add a Letter Safecracker Quiz Stats

Quiz not verified by Sporcle

Challenge
Share
Tweet
You start off with a scramble of 3 letters in every puzzle. Name a word that can be made using those letters to get the right answer. Then a letter will be added to the scramble. Name a word made by those letters to get to the next row, and so on.
Score 0/25 Timer 03:00
0 Plays Today
Hint Answer % Correct
????
100%
????
98.4%
????
94.6%
????
92.6%
????
80.2%
????
79.8%
????
79.8%
????
79.4%
????
76.7%
????
59.9%
????
52.5%
????
52.5%
????
51.8%
Hint Answer % Correct
????
45.9%
????
45.5%
????
45.1%
????
44%
????
42.8%
????
42.4%
????
42.4%
????
42.4%
????
37%
????
37%
????
35%
????
30%

You're not logged in!

Compare scores with friends on all Sporcle quizzes.
Join for Free
OR
Log In

You Might Also Like...

Show Comments

Extras

Top Quizzes Today


Score Distribution

Your Account Isn't Verified!

In order to create a playlist on Sporcle, you need to verify the email address you used during registration. Go to your Sporcle Settings to finish the process.

Report this User

Report this user for behavior that violates our Community Guidelines.

Details: